Fábula de los cinco caminantes / (Registro nro. 7370)

Detalles MARC
000 -LIDER
fixed length control field 01023nam a2200313 a 4500
001 - NÚMERO DE CONTROL
Identificador de número de control 000044468
003 - IDENTIFICACDOR DE NÚMERO DE CONTROL
control field DO-SdBPM
005 - DATE AND TIME OF LATEST TRANSACTION
control field 20250317103456.0
007 - CAMPOS FIJOS DE DESCRIPCIÓN FÍSICA
fixed length control field ta
008 - ELEMENTOS DE LONGITUD FIJA
fixed length control field 140702s2006 dr 000 0 spa d
020 ## - ISBN
International Standard Book Number 9945405608
040 ## - FUENTE DE CATALOGACIÓN
Agencia que crea de manera original el registro DO-SdBPM
Idioma de catalogación spa
Agencia que realiza la transcripción BPMSU
082 #4 - NÚMERO DE CLASIFICACIÓN DECIMAL DE DEWEY
Classification number RD862.44
Item number G216f 2006
Edition number 22
100 1# - ASIENTO PRINCIPAL -- NOMBRE PERSONAL
Nombre personal García Guerra, Iván,
Fechas asociadas con el nombre 1938-
100 z# - ASIENTO PRINCIPAL -- NOMBRE PERSONAL
Nombre personal García, Iván,
Fechas asociadas con el nombre 1938-
100 z# - ASIENTO PRINCIPAL -- NOMBRE PERSONAL
Nombre personal Guerra, Iván García,
Fechas asociadas con el nombre 1938-
245 10 - MENCIÓN DE TITULO
Título Fábula de los cinco caminantes /
Mención de responsabilidad Iván García Guerra ; edición y diagramación Iris Canos.
260 ## - PUBLICACIÓN, DISTRIBUCIÓN, ETC. (PIE DE IMPRENTA)
Lugar de publicación, distribución, etc Santo Domingo :
Nombre del editor, distribuidor, etc. EDUCARTE,
Fecha de publicación, distribución, etc 2006.
300 ## - DESCRIPCIÓN FÍSICA
Extensión 46 p. ;
Dimensiones 21 cm.
590 ## - NOTA LOCAL
Texto de la nota local Inventariado, 2025/VM
650 #4 - ENCABEZAMIENTO DE MATERIA--TEMÁTICO
Término temático o nombre geográfico como elemento de entrada Teatro dominicano
650 #4 - ENCABEZAMIENTO DE MATERIA--TEMÁTICO
Término temático o nombre geográfico como elemento de entrada Fábulas dominicanas
650 #4 - ENCABEZAMIENTO DE MATERIA--TEMÁTICO
Término temático o nombre geográfico como elemento de entrada Teatro juvenil dominicanos
650 #4 - ENCABEZAMIENTO DE MATERIA--TEMÁTICO
Término temático o nombre geográfico como elemento de entrada Literatura juvenil dominicana.
700 1# - ASIENTO SECUNDARIO -- NOMBRE PERSONAL
Nombre personal Canos, Iris,
Mención de responsabilidad editora
710 1# - ASIENTO SECUNDARIO -- NOMBRE CORPORATIVO
Nombre corporativo o de jurisdicción República Dominicana.
Unidad subordinada Fundación para la Educación y el Arte
910 ## - VALIDACIÓN
Validación VMateo V. Control de calidad BPMSU
942 ## - ADDED ENTRY ELEMENTS (KOHA)
Source of classification or shelving scheme Dewey Decimal Classification
Koha item type Libros
Existencias
Withdrawn status Lost status Source of classification or shelving scheme Damaged status Not for loan Collection code Home library Current library Date acquired Total Checkouts Full call number Barcode Date last seen Price effective from Koha item type Copy number
    Dewey Decimal Classification     Colección Juvenil Dominicana Biblioteca Pública Metropolitana Salomé Ureña Biblioteca Pública Metropolitana Salomé Ureña 02/11/2015   BPMSU CJD RD862.44 G216f 2006 BPMSU15041156 02/11/2015 02/11/2015 Libros  
    Dewey Decimal Classification     Colección Juvenil Dominicana Biblioteca Pública Metropolitana Salomé Ureña Biblioteca Pública Metropolitana Salomé Ureña 02/11/2015   BPMSU CJD RD862.44 G216f 2006 BPMSU15041157 02/11/2015 02/11/2015 Libros e.2
    Dewey Decimal Classification     Colección Juvenil Dominicana Biblioteca Pública Metropolitana Salomé Ureña Biblioteca Pública Metropolitana Salomé Ureña 04/10/2015   BPMSU CJD RD862.44 G216f 2006 BPMSU15041158 04/10/2015 04/10/2015 Libros e.3